[Event "Zrtva Sd5"]
[Site "?"]
[Date "????.??.??"]
[Round "?"]
[White "Velimirovic , Dragoljub "]
[Black "Ljubojevic , Ljubomir"]
[Result "1-0"]
[WhiteElo "2500"]
[BlackElo "2550"]
[Annotator "GM Perunovic Milos"]
[PlyCount "53"]
[EventDate "1972.??.??"]

{[%evp 0,53,28,28,41,41,89,62,62,45,31,34,67,39,72,39,21,25,34,16,37,-6,5,5,10,
-95,-105,-105,-62,-114,-114,0,73,-85,-148,-129,80,9,98,131,123,124,127,145,140,
140,156,144,162,153,229,238,239,263,253,254] Tesko je posmatrati motive iz
Sicilijanke i zaobici velikog Velimirovica u sahvskom svetu poznatom pod
nadimkom "Gazda" I sam nadimak nam kazuje kakav je to igrac bio. Gazda je dao
veliki doprinos Sicilijanki. Pored varijante u Sozinovom napadu koja nosi ime
po njemu, motivi sa ulaskom skakaca na d5 i f5 su bili njegov specijalitet.} 1.
e4 c5 2. Nf3 d6 3. d4 cxd4 4. Nxd4 Nf6 5. Nc3 a6 6. Bg5 e6 7. f4 Be7 8. Qf3 Qc7
9. O-O-O Nbd7 10. Bd3 b5 11. Rhe1 Bb7 {[#]} 12. Nd5 $5 Nxd5 (12... exd5 13.
exd5 Kd8 (13... Bxd5 14. Rxe7+ Kxe7 15. Qxd5 $40) 14. Nc6+ Bxc6 15. dxc6 Nc5
16. Bf5 $40 {Teoretska poziciju u kojoj beli ima jaku kompezaciju za figuru.})
13. exd5 Bxg5 {[#]} (13... Bxd5 $2 14. Nxe6 $1 fxe6 (14... Bxe6 15. Qxa8+) 15.
Qh5+ Kd8 16. Bxe7+ Kxe7 17. Qxd5 $18) 14. Rxe6+ $5 (14. fxg5 Ne5 15. Qh3 Bxd5
16. g6 $13) 14... fxe6 (14... Be7 $2 15. Nf5 fxe6 16. Nxg7+ Kd8 (16... Kf7 17.
Nxe6 $18) 17. Nxe6+ Kc8 18. Nxc7 Kxc7 19. g4 $16) 15. Nxe6 (15. Qh5+ $6 g6 16.
Bxg6+ hxg6 17. Qxh8+ (17. Qxg6+ Kd8 18. Nxe6+ Kc8 19. Nxc7 Bxf4+ 20. Kb1 Kxc7
$19) 17... Nf8 18. Nxe6 Bxf4+ $1 {Kontra udar koim crni dolazi do prednosti}
19. Nxf4 O-O-O $17 {Kralj je utekao od napada. Dva pesaka nisu dovoljna
kompezacija za figuru.}) 15... Qa5 (15... Qb6 $1 16. Qh5+ g6 17. Qxg5 Qe3+ 18.
Kb1 Kf7 19. Qh6 Rag8 20. Qh4) 16. Qh5+ g6 17. Qxg5 {Pozicija kojoj je beli
stremio kada se je usao u vratolomije sa Sd5. Ocenom pozicije uvidecemo da
materijal ne igra ulogu jer crni topovi se nalaze na pocetnim poljima. Mocan
skakac na e6 i napad svim figurama donose belom odlucujucu prednost.} Rg8 (
17... Nf8 18. Qf6 Nxe6 19. dxe6 Rf8 20. Bxg6+ hxg6 21. Qxg6+ Ke7 (21... Kd8 $2
22. Qg7 $18) 22. f5 {Top i lovac manjka, ali napad je nezaustavljiv.} Qd8 $8
23. Re1 {Pretnja je Dg7 uz e7.} Rxf5 24. Qh7+ $1 Ke8 (24... Kf6 25. Qf7+ Kg5
26. Qg7+ Kh4 27. g3+ Kh3 28. Qh7+ Kg2 29. Qxf5 $18) 25. Qxf5 Qe7 26. Re3 $18 {
Top ulazi u napad i crni nema odbrane.}) 18. Rd2 $6 {Sa idejom da top preko e2
dodje na e-liniju i zada zavrsni udar crnom kralju.} ({Preciznije je} 18. c3 $1
{sa istom idejom da top dodje na e-liniju.} Rc8 (18... Kf7 19. Re1 Nf6 20. f5
gxf5 21. Qxf5 Qb6 {Profilaktika protiv Te1 jer sledi De3 uz De5} 22. Kb1 $1 $18
{Kralj se uklanja od saha i crnom kralju nema odbrane od pretnji belog Tf1,
g4-g5,h4-Sg5}) 19. Re1 Rxc3+ 20. Kb1 $1 Ne5 (20... Kf7 21. Qh6 Bxd5 22. Qxh7+
Kf6 23. Qh4+ Kf7 24. Ng5+ Kf8 25. bxc3 $18) (20... Rxd3 21. Nc7+) 21. bxc3 Bxd5
22. Nd4 Qxa2+ 23. Kc1 Qa1+ 24. Kd2 $18) 18... Nf8 $2 {Crni pravi odlucujucu
gresku. U prakticnoj partiji nije lako braniti ovakvu poziciju. Ljubojevic
zeli da ukloni mocnog belog skakaca, ali to nije bila najbolja odluka.} (18...
Kf7 $1 19. Re2 Nf6 20. Qh6 (20. f5 gxf5 21. Qxf5 Rae8 $17 {Za razliku od
varijante kada je beli igrao c3, sad ne mozemo da postavimo topa na f-liniju
zbog mata po prvom redu De1}) 20... Ke7 21. Nc5+ (21. g4 $5 $40) 21... Kf7 22.
Ne6 $11 (22. Nxb7 $2 Qb6 $17)) 19. Nxf8 Qd8 (19... Kxf8 20. Qf6+ Ke8 21. Re2+
Kd7 22. Qf7+ $18) (19... Rxf8 20. Re2+ Kd7 21. Qe7+ $18) 20. Nxh7 Qxg5 21. fxg5
$1 $18 Kf7 22. Nf6 Rh8 23. g3 Bc8 24. h4 Bf5 25. Bxf5 gxf5 26. h5 Ra7 27. Rf2
1-0

[Event "Zrtva Sd5"]
[Site "?"]
[Date "????.??.??"]
[Round "?"]
[White "Rublevsky, Sergei"]
[Black "Zude, Erik"]
[Result "1-0"]
[WhiteElo "2678"]
[BlackElo "2409"]
[Annotator "GM Perunovic Milos"]
[PlyCount "41"]
[EventDate "2011.03.22"]
[EventType "swiss"]
[EventRounds "11"]

{[%evp 0,39,26,28,46,46,76,62,64,45,39,37,39,39,66,39,66,41,55,23,66,72,86,72,
58,58,58,33,44,56,34,9,-16,-59,68,58,77,82,299,556,570,570]} 1. e4 c5 2. Nf3 d6
3. d4 cxd4 4. Nxd4 Nf6 5. Nc3 a6 6. Bc4 e6 7. Bb3 b5 8. O-O Be7 9. Qf3 Qb6 10.
Be3 Qb7 11. Qg3 O-O 12. Bh6 Ne8 13. Rfe1 Bd7 14. Rad1 Nc6 $2 {Logican razvojni
potez u ovom slucaju greska posle koje beli preuzima inicijativu.} (14... Bf6
15. Nf5 $5 $36) (14... Kh8 15. Bg5 Bxg5 16. Qxg5 $13) 15. Nd5 $1 {[#]} Bd8 $4 (
15... exd5 $2 16. Nxc6 $1 Bxc6 17. exd5 $18 {[%csl Rc6,Re7]}) (15... Kh8 $8 16.
Nxc6 Bxc6 17. Nxe7 Qxe7 18. Bc1 $14) 16. Nf5 $1 $18 {Zapamtiti kao jedan od
standardnih motiva. Kada skakac na d5 "prezivi" onda ide i drugi skakac na f5.
Ovo je bio specijalitet u partijama Talja i Velimirovica.} exf5 (16... exd5 17.
Nxg7 $18) 17. exf5 {[%csl Re8][%cal Ge1e8] Otvorena je e-linija i pretnja je
Te8.} Ne5 (17... g6 18. fxg6 hxg6 19. Rxe8 $1 Rxe8 (19... Bxe8 20. Nf6+ Kh8 21.
Qh4 $18) 20. Nf6+ $1 Kh8 (20... Bxf6 21. Qxg6+ $18) 21. Qh4 $1 $18) (17... Bxf5
18. Rxe8 $1 Bg6 19. Rxf8+ Kxf8 20. Qxd6+ Kg8 21. Re1 $1 Bh4 22. Bf4 Rf8 23. Nc7
Be7 24. Rxe7 Nxe7 25. Qxe7 $18 {1 : 0 S. Sevian 2336 - J. Xiong 2236, Maribor
2012}) 18. Rxe5 $1 {Beli uklanja skakaca cime sprecava crnog da zatvori
g-liniju.} dxe5 19. f6 $1 g6 (19... Qc6 20. Bxg7 $1 (20. fxg7 Qxh6 21. gxf8=Q+
Kxf8) 20... Bf5 21. Bh6+ Bg6 22. Ne7+ Bxe7 23. fxe7 $18) (19... Bxf6 20. Nxf6+
Kh8 (20... Nxf6 21. Qxg7#) 21. Nxe8 $18) 20. Ne7+ $1 {....} Kh8 (20... Bxe7 21.
fxe7) 21. Qxe5 1-0

[Event "Zrtva Sd5"]
[Site "?"]
[Date "????.??.??"]
[Round "?"]
[White "Tal , Mikhail "]
[Black "Mukhin, Mikhail "]
[Result "1-0"]
[WhiteElo "2625"]
[BlackElo "2420"]
[Annotator "GM Perunovic Milos"]
[PlyCount "42"]
[EventDate "1972.??.??"]

{[%evp 0,42,28,25,40,56,94,50,50,36,36,21,73,44,58,26,68,64,71,28,25,10,32,77,
124,210,172,204,332,371,377,76,400,195,195,181,228,221,244,307,328,256,294,443,
439]} 1. e4 c5 2. Nf3 d6 3. d4 cxd4 4. Nxd4 Nf6 5. Nc3 a6 6. Bc4 e6 7. Bb3 b5
8. O-O Bb7 9. Re1 Nbd7 10. Bg5 Nc5 11. Bd5 b4 12. Bxb7 Nxb7 {[#]} 13. Nd5 $1
exd5 (13... Rc8 14. Qf3 Be7 15. Nxe7 Qxe7 16. Nf5 $18) 14. exd5+ Kd7 15. c3 $1
{Otvara se put beloj dami} b3 16. Qxb3 (16. axb3 Qb6 17. Bxf6 gxf6 18. Qh5 Nd8
19. Qf5+ Kc7 20. Ra4 a5 21. Rc4+ Kb7 22. Qd7+ Ka6 23. Rb4 Qc5 24. Rb5 {1 : 0 
G. Akopian 2239 - V. Agzamov 2183}) 16... Nc5 17. Qc4 Qc8 18. Nc6 h6 19. Bxf6
gxf6 20. Re3 Kc7 21. b4 Rg8 1-0

[Event "Zrtva Sd5"]
[Site "?"]
[Date "????.??.??"]
[Round "?"]
[White "Tal, Mikhail "]
[Black "Taimanov , Mark"]
[Result "1-0"]
[WhiteElo "2520"]
[BlackElo "2386"]
[Annotator "GM Perunovic Milos"]
[PlyCount "79"]
[EventDate "1966.??.??"]

{[%evp 0,79,28,28,41,41,89,58,69,38,45,26,67,68,66,58,68,38,61,39,90,51,71,57,
42,93,154,108,139,99,107,70,70,236,284,236,209,241,241,255,255,142,142,132,131,
143,146,160,154,154,164,92,117,157,101,133,150,254,309,284,382,338,317,323,339,
305,326,326,329,328,328,307,382,385,397,348,379,389,466,551,1211,1460]} 1. e4
c5 2. Nf3 d6 3. d4 cxd4 4. Nxd4 Nf6 5. Nc3 Nbd7 6. Bc4 Qc7 7. Qe2 a6 8. Bg5 b5
9. Bd5 Nxd5 10. Nxd5 Qb7 11. O-O-O e6 {[#]} 12. f4 $1 Nc5 13. Rhe1 Ra7 14. Nf5
$1 f6 15. Bxf6 gxf6 (15... exd5 16. Bxg7 Nxe4 17. Bxh8 Bxf5 18. g4 $40) 16.
Nxf6+ Kd8 (16... Kf7 17. Qh5+ Kxf6 18. e5+ dxe5 19. fxe5#) 17. Nxd6 Bxd6 18. e5
Nd7 19. Rxd6 Kc7 20. Red1 Nxf6 21. exf6 $18 Kb8 22. Qe5 Ka8 23. g4 Rf8 24. g5
Rf7 25. h4 Rc7 26. Rd8 Qc6 27. Qe2 Qc5 28. Qe4+ Kb8 29. h5 e5 30. g6 hxg6 31.
hxg6 exf4 32. g7 Rxg7 33. fxg7 Rxg7 34. Qxf4+ Rc7 35. Qe4 b4 36. R8d5 Qb6 37.
Qd4 Qb7 38. Kb1 Be6 39. Rd6 Rc4 40. Qe5 1-0

[Event "Zrtva Sd5"]
[Site "?"]
[Date "????.??.??"]
[Round "?"]
[White "Plaskett , Jim"]
[Black "Ribera Cebolla , Marc"]
[Result "1-0"]
[WhiteElo "2440"]
[BlackElo "2216"]
[Annotator "GM Perunovic Milos"]
[PlyCount "39"]
[EventDate "2016.??.??"]

{[%evp 0,39,28,25,57,52,45,44,96,70,76,76,81,63,61,43,63,45,48,21,32,21,31,7,
49,5,30,66,356,289,289,289,289,282,804,812,837,652,654,186,136,141]} 1. e4 c5
2. Nf3 e6 3. Nc3 a6 4. d4 cxd4 5. Nxd4 Qc7 6. Bd3 Nf6 7. Qe2 d6 8. Bg5 Nbd7 9.
f4 b5 10. O-O-O Bb7 11. Rhe1 Nc5 12. Bxf6 gxf6 {[#]} 13. Nd5 $1 Qd8 (13... exd5
14. exd5+ Be7 15. Nf5 Kf8 (15... Kd8 16. Nxe7 Re8 17. Qg4 $18) 16. Qh5 $1 $18 (
16. Qxe7+ Qxe7 17. Nxe7 $16)) 14. Bxb5+ $1 axb5 15. Qxb5+ Nd7 16. Qxb7 exd5 17.
exd5+ Ne5 18. fxe5 fxe5 19. Ne6 fxe6 20. dxe6 1-0

[Event "Zrtva Tf7"]
[Site "?"]
[Date "????.??.??"]
[Round "?"]
[White "Anand , Viswanathan"]
[Black "Sokolov , Ivan"]
[Result "1-0"]
[WhiteElo "2690"]
[BlackElo "2625"]
[Annotator "GM Perunovic Milos"]
[PlyCount "55"]
[EventDate "1992.??.??"]

{[%evp 0,51,28,25,40,44,45,41,23,20,76,67,84,69,45,35,86,57,56,55,60,44,30,31,
39,33,54,39,79,124,119,140,141,141,396,411,427,494,290,382,443,625,723,252,844,
1013,1503,1683,1683,1779,1803,1803,1803,1795]} 1. e4 c5 2. Nf3 e6 3. d4 cxd4 4.
Nxd4 a6 5. Nc3 d6 6. a4 Nf6 7. Be2 Nbd7 8. O-O Nc5 9. Bf3 Be7 10. g3 O-O 11.
Bg2 Qc7 12. Be3 Rb8 13. f4 Re8 $2 14. e5 $1 dxe5 15. fxe5 Nfd7 {[#]} 16. Rxf7
$1 Kxf7 (16... Nxe5 17. Bf4 (17. Rf1) 17... Qd6 (17... Kxf7 18. Qh5+ Kf8 19.
Bxe5) 18. Rxe7 (18. Kh1 Ncd7 19. Qh5 Qxd4 20. Rxg7+ Kxg7 21. Bh6+ Kg8 22. Qxe8+
Bf8 23. Rf1 Ng6 24. Ne4 $18) 18... Rxe7 19. Ndb5 Qxd1+ 20. Rxd1 axb5 (20...
Ncd7 21. Bxe5 Nxe5 22. Rd8+ Kf7 23. Nd6+ Kg6 24. Nxc8 $18) 21. Bxe5 Ra8 22.
Rd8+ Kf7 23. Nxb5 $18) 17. Qh5+ Kf8 (17... Kg8 18. Qxe8+ Bf8 (18... Nf8 19. Rf1
$18 h6 20. Bxh6 gxh6 21. Qf7+ Kh8 22. Rf6 $18) 19. Nd5 $18 exd5 20. Bxd5+ Kh8
21. Qf7) 18. Rf1+ Nf6 19. exf6 Bxf6 20. Ndb5 (20. Qxh7 $18) (20. Bg5 $18) 20...
axb5 21. Nxb5 Qd7 22. Qxh7 Qe7 23. Rxf6+ Qxf6 24. Bxc5+ Re7 25. Qh8+ Kf7 26.
Nd6+ Kg6 27. Be4+ Kg5 28. Qh4# 1-0

[Event "Zrtva Tf7"]
[Site "?"]
[Date "????.??.??"]
[Round "?"]
[White "Polgar , Judit "]
[Black "Ivanchuk,  Vassily"]
[Result "1-0"]
[WhiteElo "2635"]
[BlackElo "2740"]
[Annotator "GM Perunovic Milos"]
[PlyCount "63"]
[EventDate "1995.??.??"]

{[%evp 0,63,26,31,57,63,81,71,67,39,26,34,56,31,31,31,33,1,8,3,-17,-1,6,-16,18,
0,42,2,0,23,30,-9,28,5,43,75,114,82,88,199,182,199,141,156,163,163,175,173,151,
23,0,-9,-28,-56,-60,294,301,315,552,551,517,517,29995,29996,29997,29998]} 1. e4
c5 2. Nf3 d6 3. d4 cxd4 4. Nxd4 Nf6 5. Nc3 a6 6. f4 e5 7. Nf3 Nbd7 8. a4 Be7 9.
Bd3 O-O 10. O-O Nc5 11. Kh1 exf4 12. Bxf4 Bg4 13. Qe1 Re8 14. Rd1 Qa5 15. Qg3
Rad8 16. Bd2 Qb6 17. a5 Qa7 18. Be3 Qb8 19. Bxc5 dxc5 20. e5 Bxf3 21. Rxf3 Nh5
22. Qh3 g6 23. g4 Ng7 24. Re1 Ne6 {[#]} 25. Ne4 {Trenutak kad beli krece u
konkretne mere. Skakac ulazi u napad. Oduzima polje g5 cime ostvaruje pretnju
Tf7 u isto vreme pojavljuju se pretnje sa Sf6. Medjutim, beli mora da ima
spreman odgovor na uzimanje pesaka na e5.} (25. Rxf7 $2 Ng5 $19) 25... Qxe5 {
[#]} 26. Rxf7 Ng5 (26... Kxf7 27. Qxh7+ Ng7 28. Bc4+ (28. Nd6+ Qxd6 29. Bc4+
Qd5+ 30. Bxd5+ Rxd5 $16) 28... Rd5 29. Rf1+ Ke6 30. Nc3 $18) 27. Nxg5 Qxe1+ 28.
Bf1 (28. Rf1 $2 Bxg5 29. Rxe1 Rxe1+ $19) 28... h5 {[#]} 29. Qb3 $1 {Potez koji
je beli morao da izracuna kada je usao u komplikacije sa Se4.} (29. gxh5 $2
Bxg5 30. hxg6 Qe4+ $19) 29... c4 30. Qxc4 Rc8 31. Rf8+ Kg7 32. Qg8+ 1-0

[Event "Zrtva Tf7"]
[Site "?"]
[Date "????.??.??"]
[Round "?"]
[White "Liberzon , Vladimir"]
[Black "Portisch , Lajos"]
[Result "1-0"]
[WhiteElo "2410"]
[BlackElo "2523"]
[Annotator "GM Perunovic Milos"]
[PlyCount "55"]
[EventDate "1965.??.??"]

{[%evp 0,55,28,25,44,48,48,23,23,20,27,31,71,72,65,40,72,60,74,44,83,51,50,25,
25,20,73,73,19,21,24,24,17,-140,-60,0,0,-161,-163,0,152,92,153,139,156,201,154,
146,145,80,93,93,72,32,349,367,375,363]} 1. e4 c5 2. Nf3 e6 3. d4 cxd4 4. Nxd4
Nc6 5. Nc3 d6 6. Be3 Nf6 7. Bc4 a6 8. O-O Qc7 9. Bb3 Ne5 10. Qe2 Neg4 11. f4
Nxe3 12. Qxe3 Qc5 13. Rad1 Be7 14. e5 dxe5 15. fxe5 Nd7 {[#]} 16. Rxf7 $1 Kxf7
(16... Qxe5 17. Rxe7+ Kxe7 18. Nc6+ bxc6 19. Rxd7+ $18) 17. Ne4 (17. Bxe6+ $1
Ke8 18. b4 $1 Qxb4 (18... Qa7 19. Nd5 $18) 19. Nd5 Qc5 (19... Qa3 20. c3 $18)
20. Nxe7 Qxe7 (20... Kxe7 21. Bxd7 $18) 21. Nf5 $18) 17... Qxe5 (17... Qb6 18.
Nd6+ Bxd6 19. Bxe6+ Ke8 20. exd6 Qxd6 21. Rd3 $18) 18. Nxe6 (18. Nf3 $1 Qa5 (
18... Qh5 19. Neg5+ Bxg5 20. Qxe6+ Kf8 21. Qf5+ Ke7 22. Re1+ Kd8 23. Nxg5 $18)
19. Nfg5+ Bxg5 20. Nxg5+ Kg6 21. Nxe6 Qe5 22. Nf4+ Kf6 23. Qf2 $18) 18... Ke8
19. Rd5 Qxe6 20. Nd6+ Qxd6 21. Rxd6 Nf6 $2 (21... Kd8 $1 22. Rd1 $40) 22. Rd2
Bf5 23. Qe5 Be4 24. Rd6 Rf8 25. Re6 Rf7 26. Rb6 Bc6 27. Rxc6 bxc6 28. Qe6 1-0

[Event "Zrtva Tf7"]
[Site "?"]
[Date "????.??.??"]
[Round "?"]
[White "Velimirovic , Dragoljub"]
[Black "Pavlovic , Milos"]
[Result "1-0"]
[WhiteElo "2535"]
[BlackElo "2505"]
[Annotator "GM Perunovic Milos"]
[PlyCount "43"]
[EventDate "1998.??.??"]

{[%evp 0,43,24,25,46,49,49,41,52,45,89,52,87,99,84,58,84,62,52,46,47,43,62,-13,
4,-19,-10,5,27,77,259,269,269,226,400,411,409,412,525,510,671,742,815,778,1005,
1005]} 1. e4 c5 2. Nf3 e6 3. d4 cxd4 4. Nxd4 Qb6 5. Nb3 Qc7 6. Nc3 a6 7. Bd3 b5
8. Be3 Bb7 9. f4 Nf6 10. O-O d6 11. e5 dxe5 12. fxe5 Nfd7 13. Rxf7 $1 {[#]}
Kxf7 14. Qh5+ g6 (14... Kg8 15. Rf1 Nxe5 (15... g6 16. Qg4 Qxe5 (16... Nxe5 17.
Qxe6+ Nf7 18. Ne4 Qe7 19. Nf6+ Kg7 20. Qh3 $18) 17. Bd4 $18) (15... Nb6 16.
Rxf8+ $1 Kxf8 17. Bc5+ Kg8 18. Qe8#) (15... Nc5 16. Rxf8+ Kxf8 17. Bxc5+) 16.
Rxf8+ Kxf8 17. Bc5+ Qxc5+ 18. Nxc5 $18) (14... Ke7 15. Bg5+ Nf6 16. exf6+ gxf6
17. Bxf6+ $1 Kxf6 18. Rf1+ Ke7 19. Rf7+ Kd8 20. Rxc7 Kxc7 21. Qe5+ $18) 15.
Bxg6+ $1 hxg6 16. Qxh8 Nxe5 (16... Qxe5 17. Rf1+ Ke7 (17... Ke8 18. Rxf8+ $18)
18. Bc5+ Kd8 19. Rxf8+ Kc7 20. Qxe5+ Nxe5 21. Rf6 $18) 17. Qh7+ Bg7 18. Bh6
Qb6+ 19. Kh1 Bxg2+ 20. Kxg2 Qc6+ 21. Kg1 Nf3+ (21... Qb6+ 22. Kf1 $18) 22. Kf2
1-0

[Event "Zrtva Se6"]
[Site "?"]
[Date "????.??.??"]
[Round "?"]
[White "Shirov , Alexei"]
[Black "Polgar , Judit"]
[Result "1-0"]
[WhiteElo "2685"]
[BlackElo "2665"]
[Annotator "GM Perunovic Milos"]
[PlyCount "59"]
[EventDate "1996.??.??"]

{[%evp 0,59,28,25,40,44,90,50,62,36,34,23,61,29,78,74,81,67,48,30,70,48,131,61,
110,108,96,79,79,220,196,187,286,240,319,334,199,201,449,369,464,388,378,446,
451,443,417,416,473,411,619,516,541,488,29983,29984,29985,29986,29987,29988,
29989,29990]} 1. e4 c5 2. Nf3 d6 3. d4 cxd4 4. Nxd4 Nf6 5. Nc3 a6 6. Be2 e6 7.
O-O Be7 8. f4 O-O 9. Be3 Qc7 10. g4 Re8 11. f5 Bf8 12. g5 Nfd7 {[#]} 13. Nxe6
$1 fxe6 14. Bh5 g6 (14... Qd8 15. fxe6 Ne5 16. Bf7+ Kh8 17. Bxe8 Qxe8 18. Nd5
$18) (14... Re7 15. fxe6 Ne5 16. Nd5 Qd8 (16... Qc4 17. Rxf8+ Kxf8 18. Qf1+)
17. Bb6) 15. fxg6 Re7 (15... hxg6 16. Bxg6 Re7 17. Qh5 $18) 16. Nd5 $1 (16.
gxh7+ Rxh7 17. Bg6 Rh4) 16... exd5 17. Qxd5+ Kh8 18. gxh7 (18. Rxf8+) 18...
Rxh7 (18... Kxh7 19. Rf7+ Rxf7 20. Qxf7+ Bg7 21. Bg6+ Kh8 22. Rf1 $18) 19. Bg6
Bg7 (19... Re7 20. Rf3 Nf6 {!?} 21. Bd4 {!} Re5 22. Rxf6 {!} Bg7 23. Rf7 $18)
20. Bxh7 Qd8 (20... Kxh7 21. g6+ $18) 21. Bf5 Ne5 22. Qd1 $1 Bxf5 (22... Qe8
23. g6) 23. exf5 Qe8 24. g6 Ng4 25. Bd4 Qe4 26. f6 Nc6 27. fxg7+ Kg8 28. Rf8+ {
!} Rxf8 29. gxf8=Q+ Kxf8 30. Qf1+ 1-0

[Event "Zrtva Se6"]
[Site "?"]
[Date "????.??.??"]
[Round "?"]
[White "Keres , Paul"]
[Black "Kotov, Alexander"]
[Result "1-0"]
[WhiteElo "2580"]
[BlackElo "2500"]
[Annotator "GM Perunovic Milos"]
[PlyCount "53"]
[EventDate "1950.??.??"]

{[%evp 0,52,26,45,55,60,86,86,116,33,24,21,72,49,85,113,118,88,77,64,77,-17,47,
94,94,94,94,116,155,158,161,177,221,225,236,240,261,258,350,353,439,416,487,
561,735,477,605,393,683,806,816,835,878,937,955]} 1. e4 c5 2. Nf3 d6 3. d4 cxd4
4. Nxd4 Nf6 5. Nc3 a6 6. Be2 Qc7 $6 {Nepotrebno gubljenje vremena u otvaranju.}
(6... e5) (6... e6) 7. Bg5 Nbd7 8. O-O e6 9. Bh5 Qc4 $2 {[#]} (9... g6 $1 10.
Be2 Bg7 11. Qd2 b5 12. a3 O-O 13. Rad1 Nc5 14. f3 Bb7 {=}) 10. Nxe6 $1 Qxe6 (
10... Nxh5 11. Qd5 $3 Qxd5 (11... Nb6 12. Qxc4 Nxc4 13. Nc7+ Kd7 14. Nxa8 $18)
12. Nc7#) 11. Nd5 $1 Kd8 (11... Nxd5 12. exd5 Qf5 $8 13. Qe1+ Ne5 14. f4 $18)
12. Bg4 Qe5 (12... Qe8 13. Qd2 {Sa idejom Da5} a5 14. Bxd7 $18 Bxd7 15. Qd4 $18
) 13. f4 Qxe4 $18 (13... Qxb2 14. Rb1 Qa3 15. Bxd7 $18 Kxd7 16. Bxf6 gxf6 17.
Qh5 $18) 14. Bxd7 Bxd7 (14... Kxd7 15. Bxf6 Kc6 16. c4 gxf6 17. Qa4+ b5 18.
cxb5+ Kxd5 19. Rad1+ $18) 15. Nxf6 gxf6 (15... Qc6 16. Nd5+ Kc8 (16... f6 17.
Nxf6) 17. Rf3 Kb8 18. Rc3 $18) (15... Qg6 16. Nd5+ f6 17. Qd4 $1 fxg5 18. Qb6+
Ke8 19. Rae1+ Kf7 20. Qxb7 Rd8 21. Qc7 $18) 16. Bxf6+ Kc7 17. Bxh8 Bc6 18. Qd2
Bh6 19. Rae1 Qg6 20. Re7+ Kd8 21. Rfe1 a5 22. Bd4 Ra6 23. Qf2 Bf8 (23... Bxf4
24. Bb6+ Kc8 25. Rc7+ Kb8 26. Rxc6 {!} bxc6 27. Re8+ Kb7 28. Re7+ $18 Kc8 (
28... Kb8 29. Bc7+) 29. Qxf4 Rxb6 30. Qd4 {!} Kd8 31. Ra7) 24. Bb6+ Kc8 25.
Re8+ Bxe8 26. Rxe8+ Kd7 27. Rxf8 1-0

[Event "Zrtva Se6"]
[Site "?"]
[Date "????.??.??"]
[Round "?"]
[White "Todorovic , Goran"]
[Black "Badea , Bela"]
[Result "0-1"]
[WhiteElo "2480"]
[BlackElo "2525"]
[Annotator "GM Perunovic Milos"]
[PlyCount "78"]
[EventDate "1996.??.??"]

{[%evp 0,78,19,38,40,41,90,62,58,36,26,27,75,16,33,25,38,43,38,38,23,17,71,77,
68,71,105,117,126,129,137,28,103,51,97,54,72,72,157,69,69,43,47,2,0,2,0,-65,
-70,-70,110,94,106,97,83,77,131,135,104,92,124,26,113,-231,-266,-206,-235,-245,
-215,-222,-149,-188,-201,-238,-210,-188,-192,-948,-1192,-29997,-446]} 1. e4 c5
2. Nf3 d6 3. d4 cxd4 4. Nxd4 Nf6 5. Nc3 a6 6. f4 e6 7. Bd3 b5 8. e5 dxe5 9.
fxe5 Nd5 10. Qg4 h5 11. Qg3 Nb4 12. Be3 Nxd3+ 13. cxd3 Bb7 14. O-O Nc6 {[#]}
15. Nxe6 $1 fxe6 16. Qg6+ (16. Ne4 $1 Be7 (16... Qd5 17. Rxf8+ $1 Rxf8 (17...
Kxf8 18. Rf1+ Ke8 19. Qxg7 $18) 18. Qg6+ Kd7 19. Qxg7+ Ne7 20. Bc5 $18) (16...
Kd7 17. Rf7+ Be7 18. Rc1 $18) 17. Nd6+ Bxd6 18. Qg6+ Kd7 19. exd6 Kxd6 20. Rf7
$18) 16... Kd7 17. Rf7+ Be7 18. Ne4 Kc8 19. Qxe6+ Kb8 20. Nc5 Bxc5 21. Bxc5 Re8
22. Bd6+ Ka7 23. Qd5 Rc8 24. Rd7 Qxd7 25. Bc5+ Ka8 26. Qxd7 Nxe5 27. Qd4 Rcd8
28. Qh4 Nxd3 29. Rd1 Rd5 30. Be7 g6 31. Qg3 Nf4 32. Qf3 Rd2 33. Qxf4 Rxd1+ 34.
Kf2 Rd7 35. Bg5 Rd5 36. Kg3 Rf5 37. Qd2 Rfe5 38. Qd6 Rxg5+ 39. Kh4 Rge5 0-1

[Event "Zrtva Se6"]
[Site "?"]
[Date "????.??.??"]
[Round "?"]
[White "Georgiev, Krum"]
[Black "Kasparov, Garry"]
[Result "1-0"]
[WhiteElo "2455"]
[BlackElo "2595"]
[Annotator "GM Perunovic Milos"]
[PlyCount "51"]
[EventDate "1980.??.??"]

{[%evp 0,51,24,24,51,46,66,72,70,39,32,26,71,43,58,28,42,23,55,30,6,-71,-35,
-143,-143,-143,-149,-238,-177,-358,-306,-397,-397,-314,-303,-261,173,188,195,
187,178,186,186,199,184,184,192,148,155,168,160,159,169,169] Sledeci primer
nam pokazuje da je i jedan od najvecih sampiona Gari Kasparov bio zrtva
razornog taktickog napada preko polja e6.} 1. e4 c5 2. Nf3 d6 3. d4 cxd4 4.
Nxd4 Nf6 5. Nc3 a6 6. Bg5 e6 7. f4 Qc7 8. Qf3 b5 9. O-O-O b4 10. e5 Bb7 11.
Ncb5 axb5 12. Bxb5+ Nfd7 $2 {[#]} (12... Nbd7 $1 13. Qh3 b3 $1 14. Qxb3 Bd5 15.
c4 Ne4 16. Rhe1 Nxg5 17. fxg5 Bxc4 18. exd6 Bxb3+ 19. dxc7 Bxd1 20. Rxd1 $13)
13. Nxe6 $1 fxe6 14. Qh3 $1 Kf7 (14... Bd5 15. Rxd5 exd5 16. Qe6+ Be7 17. Qxe7#
) 15. f5 $1 Be4 $2 (15... Nxe5 16. fxe6+ Kg8 17. e7 $1 Bxe7 18. Qe6+ Nf7 (18...
Kf8 19. Rhf1+ $18) 19. Bxe7 $16) (15... Kg8 16. fxe6) 16. fxe6+ Kg8 17. Qb3 $1
Bxc2 (17... Nc5 18. Qc4 $1 d5 19. Rxd5 $1 Nxe6 (19... Bxd5 20. Qxd5 Be7 (20...
Qb7 21. Bc4 $18) 21. Bxe7 Qxe7 22. Qxa8 $18) 20. Rc5 $1 Qf7 (20... Bxc5 21.
Qxe6+ Qf7 22. Qc8+ Bf8 23. Bc4 Bd5 24. e6 $18) 21. Rf1 Bf5 (21... Qxf1+ 22.
Qxf1 Bxc5 23. Qc4 $18) 22. Rc8 $18) (17... d5 18. exd7 Nxd7 19. Rxd5 $18) 18.
Qxc2 (18. exd6 $18) 18... Qxc2+ 19. Kxc2 Nxe5 20. e7 Bxe7 21. Bxe7 $18 Nbc6 22.
Bxd6 Ra5 23. Rd5 Rxb5 24. Rxb5 Nd4+ 25. Kb1 Nxb5 26. Bxe5 1-0